000 00395nam a2200169Ia 4500
008 230524s9999 xx 000 0 und d
020 _a9780076591134
082 _a5.133
_bGOD
100 _aAchyut S.Godbole
245 0 _aOperating Systems
250 _a15TH
260 _aNEW DELHI
_bTMH
_c2003
300 _aXVII;722
500 _aQuantity Number: 9
650 _aComp-Sc
942 _cBK
999 _c18838
_d18838